The 'Rhinebeck' panorama of London (Record no. 116861)

MARC details
000 -LEADER
fixed length control field 00813cem a22002415a 4500
001 - CONTROL NUMBER
control field L140391
008 - FIXED-LENGTH DATA ELEMENTS--GENERAL INFORMATION
fixed length control field 070920r19811810xxk a 0 f eng u
035 ## - SYSTEM CONTROL NUMBER
System control number (Sirsi) u140391
041 0# - LANGUAGE CODE
Language code of text/sound track or separate title eng
110 2# - MAIN ENTRY--CORPORATE NAME
Corporate name or jurisdiction name as entry element London Topographical Society
9 (RLIN) 106
245 04 - TITLE STATEMENT
Title The 'Rhinebeck' panorama of London
Medium [cartographic material]
250 ## - EDITION STATEMENT
Edition statement Facsim.
255 ## - CARTOGRAPHIC MATHEMATICAL DATA
Statement of scale Scale not given
260 ## - PUBLICATION, DISTRIBUTION, ETC.
Place of publication, distribution, etc. London
Name of publisher, distributor, etc. London Topographical Society
Date of publication, distribution, etc. 1981
300 ## - PHYSICAL DESCRIPTION
Extent 6 p. + 4 plates
Other physical details col.
Dimensions 62 cm.
500 ## - GENERAL NOTE
General note A facsimile of the original panorama of 1807-11.
500 ## - GENERAL NOTE
General note Includes an introduction by Ralph Hyde and keys by Peter Jackson.
651 4# - SUBJECT ADDED ENTRY--GEOGRAPHIC NAME
Geographic name London
690 ## - LOCAL SUBJECT ADDED ENTRY--TOPICAL TERM (OCLC, RLIN)
Topical term or geographic name as entry element ENVIRONMENTAL AND LAND CONSULTANCY-GEOMATICS-MAPPING AND POSITIONING-CARTOGRAPHY
700 1# - ADDED ENTRY--PERSONAL NAME
Personal name Hyde, Ralph
700 1# - ADDED ENTRY--PERSONAL NAME
Personal name Jackson, Peter
942 ## - ADDED ENTRY ELEMENTS (KOHA)
Suppress in OPAC 0
Holdings
Withdrawn status Lost status Source of classification or shelving scheme Damaged status Not for loan Home library Current library Shelving location Date acquired Total Checkouts Full call number Barcode Date last seen Copy number Price effective from Koha item type
    Dewey Decimal Classification     Historic collection Historic collection Historic collection 20/09/2007   MAP CABINET DRAWER 4 140391-2001 06/08/2019 1 06/08/2019 Archive